| Поле | Инд. | ПП | Название | Значение |
|---|---|---|---|---|
| Тип записи | a | |||
| Библиографический уровень | m | |||
| 001 | Контрольный номер | RU/LIBMSTU/262280961 | ||
| 005 | Дата корректировки | 20160127104210.4 | ||
| 008 | Кодируемые данные | 080505|||||||||ru |||||||||||000|||rus|| | ||
| 020 | a | ISBN | 978-5-241-00783-4 | |
| c | Цена, тираж | 231-00 ; 235-00 | ||
| 040 | b | Код языка каталог. | rus | |
| 041 | 0_ | a | Код языка текста | rus |
| 084 | a | Индекс другой классификации/Индекс ББК | 87.25+72 | |
| 090 | a | Полочн. индекс | 87 | |
| x | Авторский знак | Л 43 | ||
| 245 | 10 | a | Заглавие | Лекции по философии науки |
| b | Продолж. заглавия | учеб. пособие | ||
| c | Ответственность | [Бондаренко Н. Г. и др.] ; под ред. Пржиленского В. И. | ||
| 260 | a | Место издания | Москва | |
| a | Место издания | Ростов-на-Дону | ||
| b | Издательство | МарТ | ||
| c | Дата издания | 2008 | ||
| 300 | a | Объем | 541 с. | |
| 440 | _7 | a | Серия | Серия "Учебный курс" |
| 500 | a | Примечание | Авт. указаны на обороте тит. л. | |
| 504 | a | Библиография | Библиогр.: с. 501-526 | |
| 650 | 04 | a | Основная рубрика | Наука-Философские проблемы-Учебные издания для высших учебных заведений |
| 650 | 14 | a | Основная рубрика | Философия науки-Учебные издания для высших учебных заведений |
| 653 | 0_ | a | Ключевые слова | Наука |
| 653 | 1_ | a | Ключевые слова | Философия науки |
| 653 | 1_ | a | Ключевые слова | Научное знание |
| 653 | 1_ | a | Ключевые слова | Научное познание |
| a | Ключевые слова | Познание | ||
| 653 | 1_ | a | Ключевые слова | Техника (философия) |
| 653 | 1_ | a | Ключевые слова | Социально-гуманитарные науки |
| 653 | 1_ | a | Ключевые слова | Правоведение |
| 700 | 12 | a | Другие авторы | Бондаренко Н. Г. |
| e | Роль лиц | авт. | ||
| 700 | 1_ | a | Другие авторы | Пржиленский В. И. |
| e | Роль лиц | ред. | ||
| 901 | t | Тип документа | m | |
| 952 | c | Вид литературы | учебное пособие |